000 01009nam a2200337 i 4500
001 bg
100 1 _aJAKUBICKI, Henryk
245 1 0 _aInformatyka dla studentów kierunków przyrodniczych uczelni rolniczych /
_cHenryk Jakubicki.
260 _aWrocław :
_bWydaw. AR,
_c1996.
300 _a157. [2] s. :
_b1 mapa, rys. ;
_c24 cm.
490 1 _aSkrypty Akademii Rolniczej we Wrocławiu,
_x0239-5762 ;
_vnr 416
504 _aBibliogr. s. [159].
630 0 9 _aDOS
630 0 9 _aNorton Commander
650 9 _aInformatyka
650 9 _aKomputery
650 9 _aArkusze kalkulacyjne
650 9 _aEdytory tekstu
650 9 _aSystemy operacyjne
650 9 _aBaza danych
650 9 _aSieć komputerowa
655 _aPodręczniki akademickie
830 _aSkrypty Akademii Rolniczej we Wrocławiu,
_x0239-5762 ;
020 _a8385582371
040 _cBPK
041 0 _apl
080 _a681.3(075.8)
920 _a83-85582-37-1
942 _cKS
008 s pl f |000 0 pol
999 _c25095
_d25095
856 _uhttp://koha.tu.koszalin.pl/cgi-bin/koha/opac-detail.pl?biblionumber=25095
_yKatalog online BPK